Normal view
MARC view
- Peck, Elizabeth A.
Entry Personal Name
001 - CONTROL NUMBER
- control field: 39495
003 - CONTROL NUMBER IDENTIFIER
- control field: NUST
005 - DATE AND TIME OF LATEST TRANSACTION
- control field: 20210314131447.0
008 - FIXED-LENGTH DATA ELEMENTS
- fixed length control field: 210314|| aca||aabn | a|a d
040 ## - CATALOGING SOURCE
- Original cataloging agency: NUST
- Transcribing agency: NUST
100 ## - HEADING--PERSONAL NAME
- Personal name: Peck, Elizabeth A.
670 ## - SOURCE DATA FOUND
- Source citation: Work cat.: (NUST): Montgomery, Douglas C. 18348, Introduction to linear regression analysis /, c1992.
